000
00312nam a22001457a 4500
008
230419b ||||| |||| 00| 0 eng d
020
_a
0060452269
041
_a
eng
080
_a
030
082
_a
030PIA
100
_a
44
101
_a
ENCIK
245
_a
EVOLUTIONARY ECOLOGY
_c
PIANKA R.E
942
_2
udc
_c
BK
999
_c
59598
_d
59598